Radiation heat transfer / (Record no. 64493)
[ view plain ]
| 000 -LEADER | |
|---|---|
| fixed length control field | 01310cam a2200349 a 4500 |
| 001 - CONTROL NUMBER | |
| control field | 12268877 |
| 003 - CONTROL NUMBER IDENTIFIER | |
| control field | NUST - PNEC |
| 005 - DATE AND TIME OF LATEST TRANSACTION | |
| control field | 20170116180847.0 |
| 008 - FIXED-LENGTH DATA ELEMENTS--GENERAL INFORMATION | |
| fixed length control field | 010103s2000 enka b 001 0 eng d |
| 010 ## - LIBRARY OF CONGRESS CONTROL NUMBER | |
| LC control number | 2001274028 |
| 015 ## - NATIONAL BIBLIOGRAPHY NUMBER | |
| National bibliography number | GBA0-59135 |
| 020 ## - INTERNATIONAL STANDARD BOOK NUMBER | |
| International Standard Book Number | 0198564554 |
| 035 ## - SYSTEM CONTROL NUMBER | |
| System control number | (OCoLC)ocm44837250 |
| 040 ## - CATALOGING SOURCE | |
| Original cataloging agency | EQO |
| Transcribing agency | LIBRARY |
| Modifying agency | UKM |
| -- | DLC |
| 042 ## - AUTHENTICATION CODE | |
| Authentication code | lccopycat |
| 050 00 - LIBRARY OF CONGRESS CALL NUMBER | |
| Classification number | QC331 |
| Item number | .J66 2000 |
| 082 00 - DEWEY DECIMAL CLASSIFICATION NUMBER | |
| Classification number | 536.3 JON |
| 100 1# - MAIN ENTRY--PERSONAL NAME | |
| Personal name | Jones, H. R. N. |
| Fuller form of name | (Howard Richard Neil), |
| Dates associated with a name | 1957- |
| 245 10 - TITLE STATEMENT | |
| Title | Radiation heat transfer / |
| Statement of responsibility, etc. | H.R.N. Jones. |
| 260 ## - PUBLICATION, DISTRIBUTION, ETC. | |
| Place of publication, distribution, etc. | Oxford ; |
| -- | New York : |
| Name of publisher, distributor, etc. | Oxford University Press, |
| Date of publication, distribution, etc. | 2000. |
| 300 ## - PHYSICAL DESCRIPTION | |
| Extent | 86 p. : |
| Other physical details | ill. ; |
| Dimensions | 25 cm. |
| 440 #0 - SERIES STATEMENT/ADDED ENTRY--TITLE | |
| Title | Oxford chemistry primers ; |
| Volume/sequential designation | 89 |
| 440 #0 - SERIES STATEMENT/ADDED ENTRY--TITLE | |
| Title | Oxford science publications |
| 504 ## - BIBLIOGRAPHY, ETC. NOTE | |
| Bibliography, etc. note | Includes bibliographical references (p. [84]) and index. |
| 650 #0 - SUBJECT ADDED ENTRY--TOPICAL TERM | |
| Topical term or geographic name entry element | Heat |
| General subdivision | Radiation and absorption. |
| -- | ME |
| 650 #0 - SUBJECT ADDED ENTRY--TOPICAL TERM | |
| Topical term or geographic name entry element | Heat engineering. |
| 856 41 - ELECTRONIC LOCATION AND ACCESS | |
| Materials specified | Table of contents only |
| Uniform Resource Identifier | <a href="http://www.loc.gov/catdir/enhancements/fy0611/2001274028-t.html">http://www.loc.gov/catdir/enhancements/fy0611/2001274028-t.html</a> |
| 856 42 - ELECTRONIC LOCATION AND ACCESS | |
| Materials specified | Publisher description |
| Uniform Resource Identifier | <a href="http://www.loc.gov/catdir/enhancements/fy0611/2001274028-d.html">http://www.loc.gov/catdir/enhancements/fy0611/2001274028-d.html</a> |
| 906 ## - LOCAL DATA ELEMENT F, LDF (RLIN) | |
| a | 7 |
| b | cbc |
| c | copycat |
| d | 2 |
| e | ncip |
| f | 20 |
| g | y-gencatlg |
| 942 ## - ADDED ENTRY ELEMENTS (KOHA) | |
| Source of classification or shelving scheme | |
| Koha item type | Book |
| Withdrawn status | Lost status | Source of classification or shelving scheme | Damaged status | Not for loan | Permanent Location | Current Location | Shelving location | Date acquired | Total Checkouts | Full call number | Barcode | Date last seen | Price effective from | Koha item type |
|---|---|---|---|---|---|---|---|---|---|---|---|---|---|---|
| Pakistan Navy Engineering College (PNEC) | Pakistan Navy Engineering College (PNEC) | 536.3 JON | PNECLIB-027344 | 08/24/2015 | Book |
